Костенурките Нинджа (Запис номер 148234)
[ съкратено ]
| 000 -Лидер | |
|---|---|
| Контролно поле с фиксирана дължина | 01698nam a2200337 c 4500 |
| 003 - Код на организацията, давaща контролен номер | |
| Контролно поле | BLK |
| 005 - Дата и час на последна редакция | |
| Контролно поле | 20180422112827.0 |
| 008 - Елементи от данни с фиксирана дължина | |
| fixed length control field | 180410b bul|||||r ||||||| ||bul|| |
| 010 ## - Наследен системен номер | |
| LC control number | KNG00154456000 |
| 020 ## - Международен стандартен номер на книга ISBN | |
| Международен стандартен номер на книга ISBN | 954-446-032-23 |
| -- | издат.: Егмонт България - на том(кн. 3) |
| 040 ## - Източник на каталожния запис | |
| Идентификатор на билиотеката - собственик на записа | BLK |
| 041 ## - Код за език | |
| Код за езика на текст/звукозапис или на отделно заглавие | Български |
| Код за езика КДБФ | Български |
| 080 ## - УДК | |
| Текстов определител УДК | Американска литература (на САЩ) |
| УДК код - определител по УДК | 821.111(73) |
| УДК определител | -93-32 |
| УДК - код + определител | 821.111(73)-93-32 |
| 139 ## - Редно поле | |
| Редна дума | Костенурките Нинджа |
| Авторски знак | Кос - К 86 |
| 245 10 - Сведения за заглавието | |
| Заглавие | Костенурките Нинджа |
| Подзаглавни данни | Разкази за деца : Кн. 1 - |
| Редно поле (дума) | авт. на том Астрид Холм; ил. на том Франк Матиуа; прев. от англ. Александра Александрова Велева. |
| Том | Кн. 3 |
| Заглавие на том | Последният урок |
| 257 ## - Страна на издаване | |
| Страна на създаване/издаване | Съединени американски щати |
| 260 ## - Област на издателските данни | |
| -- | София |
| Година на издаване | 1992 - |
| 300 ## - Физическа характеристика | |
| Размери/Мащаб | 13Х14 см |
| 380 ## - Жанр | |
| Жанр | Детска худож. лит. |
| 490 1# - СЕРИИ (Колекции) | |
| Име на серия | Егмонт мини |
| 500 ## - Общи забележки | |
| Забележка | Без сведение за ориг. загл. - Офс. изд. - 30 000 тир. |
| 700 1# - Други автори (авторска отговорност) | |
| Лично име | Холм, Астрид |
| Автороска отговорност (Описва отношението между автора и произведението) | авт. на том |
| 9 (RLIN) | 329879 |
| 700 1# - Други автори (авторска отговорност) | |
| Лично име | Матиуа, Франк |
| Автороска отговорност (Описва отношението между автора и произведението) | ил. на том |
| 9 (RLIN) | 94284 |
| 700 1# - Други автори (авторска отговорност) | |
| Лично име | Велева, Александра Александрова |
| Автороска отговорност (Описва отношението между автора и произведението) | прев. от англ. |
| 9 (RLIN) | 378423 |
| 760 1# - Описание на основната серия | |
| -- | - на том(кн. 3) |
| Място на издаване, издател и година | Егмонт България, 1993 |
| Страници - том | 32 с. : с цв. ил. |
| Забележка - том | тир. |
| Заглавие | Кн. 3 Последният урок |
| 852 ## - Местоположение | |
| Форматна сигнатура | Цб І 35315 |
| 856 4# - Електронен адрес и достъп | |
| Електронен формат | pdf - файл |
| Път до файла /url/ | |
| 856 4# - Електронен адрес и достъп | |
| Електронен формат | pdf - файл |
| Път до файла /url/ | |
| 942 ## - АРТИКУЛИ | |
| Вид на библиотечния материал | Книги |
| Скрит в OPAC | Не |
| 944 ## - СЪЗДАВАНЕ И РЕДАКЦИЯ на ЗАПИСА | |
| Създаване/Редакция | Създаване |
| Дата на регистрацията/редакция | 06.12.2013 |
| Статус, дата на статуса | 06.12.2013 - от С1,Р / 06.12.2013 |
| Служител, извършил регистрацията/редакцията | Даниел_Канатов |
| 944 ## - СЪЗДАВАНЕ И РЕДАКЦИЯ на ЗАПИСА | |
| Създаване/Редакция | Редакция |
| Дата на регистрацията/редакция | 05.10.2016 |
| Статус, дата на статуса | 06.12.2013 - от С1,Р / 06.12.2013 |
| Служител, извършил регистрацията/редакцията | Геновева_Генчева |
| 999 ## - СИСТЕМНИ КОНТРОЛНИ НОМЕРА | |
| Koha biblionumber | 148234 |
| Koha biblioitemnumber | 148234 |
| Код за отписване | Код за изгубен артикул | Източник на класификационната схема | Код за повреда | Коз за рестрикции | Код за отдаване | Артикулен № | Име на библиотеката - собственик | Име на библиотеката, в която се намира в момента | Статус (Текущо местоположение) | Дата на вписване в системата | Местоположение - отдел | Цена в лева | Инвентарен номер | Систематично азбучна сигнатура | Баркод | Номер на екземпляра | Цена в евро | Служебна бележка | Служебен тип на артикула |
|---|---|---|---|---|---|---|---|---|---|---|---|---|---|---|---|---|---|---|---|
| Не е изгубен | Universal Decimal Classification | Не е повреден | без рестрикции | ползва се в читалня | 246437 | Регионална библиотека "Любен Каравелов" Русе | Регионална библиотека "Любен Каравелов" Русе | Хранилище | 1992-01-01 | Хранилище | 0.30 | 584107 | Цб І 35315 | 120000584107 | 1 | 0.15 | Дост: Dp Вид: Д N: стар фонд Дата: 01.01.1992 | Книги | |
| Изтеглен | Не е изгубен | Не е повреден | без рестрикции | заемане за дома | 246438 | Регионална библиотека "Любен Каравелов" Русе | Регионална библиотека "Любен Каравелов" Русе | Детски отдел | 2016-08-30 | Детски отдел | 6.00 | 120000803624 | ДХ 820/899/К 86 | 120000803624 | 2 | 3.07 | Дост: DA Вид: А N: 33 Дата: 30.08.2016 | Книги |